Normal view
MARC view
Entry Personal Name
001 - CONTROL NUMBER
- control field: 32757
003 - CONTROL NUMBER IDENTIFIER
- control field: dpl
005 - DATE AND TIME OF LATEST TRANSACTION
- control field: 20110812113418.0
008 - FIXED-LENGTH DATA ELEMENTS
- fixed length control field: 110812|||a|||||| | ||| d
040 ## - CATALOGING SOURCE
- Original cataloging agency: dpl
- Transcribing agency: dpl
100 ## - HEADING--PERSONAL NAME
- Personal name: Enan, M.A.
670 ## - SOURCE DATA FOUND
- Source citation: Work cat.: (dpl)55334: Enan, M.A., The history of Islam:, 2002.
670 ## - SOURCE DATA FOUND
- Source citation: Work cat.: (dpl)55334: Enan, M.A., The history of Islam:, 2002.
